000 00558cam a2200205 4500
001 J105759
008 000000n2000 000 0 eng u
035 _a(Sirsi) u105759
041 0 _aeng
050 0 4 _a333.0062 $2 18
110 2 _aRoyal Institution of Chartered Surveyors
_94900
245 0 0 _aAnnual report and accounts 1999
260 _aLondon
_bRICS
_c2000
300 _a16p.
_c30cm.
490 0 _aRICS Annual Report
490 0 _aRICS Financial Statements
651 4 _aInternational
690 _aABOUT RICS-RICS ANNUAL REPORT
942 _n0
999 _c100469
_d100469